000
00257nam a2200097Ia 4500
001
644226
005
20250826153600.0
008
250824s9999 xx 000 0 und d
245
0
_a
POLYANNA GENÇLİK KLASİKLERİ
_c
ELENOR H. PORTER
260
_b
TİMAŞ ÇOCUK
999
_c
644226
_d
644226